<?xml version="1.0" encoding="UTF-8"?>
<marc:record xmlns:marc="http://www.loc.gov/MARC21/slim">
   <marc:leader>00000nam a2200000 a 4500</marc:leader>
   <marc:datafield ind1="1" ind2=" " tag="100">
      <marc:subfield code="a">Lind, Hera</marc:subfield>
      <marc:subfield code="4">aut</marc:subfield>
      <marc:subfield code="e">Verfasser/-in</marc:subfield>
   </marc:datafield>
   <marc:datafield ind1=" " ind2=" " tag="653">
      <marc:subfield code="a">Leben</marc:subfield>
   </marc:datafield>
   <marc:datafield ind1=" " ind2=" " tag="653">
      <marc:subfield code="a">Wahre Begebenheiten</marc:subfield>
   </marc:datafield>
   <marc:datafield ind1="0" ind2="0" tag="245">
      <marc:subfield code="a">Mit dem Rücken zur Wand</marc:subfield>
   </marc:datafield>
   <marc:datafield ind1=" " ind2="1" tag="264">
      <marc:subfield code="c">2021</marc:subfield>
   </marc:datafield>
   <marc:datafield ind1=" " ind2=" " tag="250">
      <marc:subfield code="a">Originalausgabe</marc:subfield>
   </marc:datafield>
   <marc:datafield ind1="1" ind2=" " tag="520">
      <marc:subfield code="a">Sara ist alleinerziehende Mutter zweier Kinder. Als sie überraschend das Haus ihrer Großmutter erbt, könnte sie aufatmen, wäre da nicht ihr Vater im Nachbarhaus, der ihre Kindheit zur Hölle werden ließ. Er war gewalttätig. Gegen Sara und ihre Mutter. Jahre sind seitdem vergangen, und weil es finanziell eng ist, bezieht Sara mit ihrer Familie das Haus. Doch der Vater nebenan wird wieder zur Gefahr. Diesmal lässt Sara sich seine Attacken aber nicht mehr gefallen. Sie ist erwachsen. Und sie hat einen Plan ...</marc:subfield>
   </marc:datafield>
   <marc:datafield ind1=" " ind2=" " tag="020">
      <marc:subfield code="a">9783453292291</marc:subfield>
      <marc:subfield code="9">9783453292291</marc:subfield>
   </marc:datafield>
   <marc:datafield ind1=" " ind2=" " tag="041">
      <marc:subfield code="a">ger</marc:subfield>
   </marc:datafield>
   <marc:datafield ind1=" " ind2=" " tag="300">
      <marc:subfield code="a">496 Seiten</marc:subfield>
   </marc:datafield>
</marc:record>
